| 000 | 01657nam a2200253Ia 4500 | ||
|---|---|---|---|
| 003 | Ost | ||
| 005 | 20260507074922.0 | ||
| 008 | 260507s9999||||xx |||||||||||||| ||und|| | ||
| 020 | _a9957466852 | ||
| 040 | _cfsecg | ||
| 041 | _aara | ||
| 082 | _a1.012 | ||
| 100 |
_aخلف، فليح حسن _eمؤلف |
||
| 245 | 0 |
_aاقتصاد المعرفة / _c فليح حسن خلف |
|
| 260 |
_aعمان: _bجدارا للكتاب العالمي, _c2007 |
||
| 300 |
_a346 صفحة؛ _bإيضاحات ؛ _c25 سم |
||
| 504 | _aببليوغرافيا: ص.341 | ||
| 520 | _aفصل تمهيدي عن اقتصاد المعرفة، مضامين اقتصاد المعرفة ومعطياته، الموارد البشرية واقتصاد المعرفة، التعليم واقتصاد المعرفة، البحث العلمي والتطوير التكنولوجي واقتصاد المعرفة، التكنولوجيا واقتصاد المعرفة، التمويل الدولي واقتصاد المعرفة، الشركات متعددة الجنسيات واقتصاد المعرفة، العولمة واقتصاد المعرفة، العولمة واقتصاد المعرفة، المتغيرات الاقتصادية واقتصاد المعرفة، القطاعات الانتاجية واقتصاد المعرفة، القطاعات الخدمية واقتصاد المعرفة، الدول المتقدمة واقتصاد المعرفة، الدول النامية واقتصاد المعرفة | ||
| 653 | _aالتكنولوجيا | ||
| 653 | _aالعولمة | ||
| 653 | _aالقوى العاملة | ||
| 653 | _aالمعرفة | ||
| 942 | _cكتاب | ||
| 999 |
_c41804 _d41804 |
||